000 00517nam a2200157 a 4500
001 000041049
005 20201002034559.0
008 130916s2009 dr a 000 0 spa d
040 _aDO-SdBNP
_bspa
_cBNPHU
082 _axxx
_bxxx
100 1 _aNolasco de Báez, Carmen
_967541
245 1 0 _aAutismo :
_bguía para padres, maestros, familiares y amigos /
_cCarmen Nolasco de Báez.
260 _aSanto Domingo, :
_bManatí,
_c2009.
300 _a62 p. :
_bil. ;
_c23 cm.
500 _aFundación Dominicana de Autismo, Inc.
999 _c40539
_d40539